[Event "Landsturneringen 2017"]
[Site "Clarion Energy Hotel, Stavanger"]
[Date "2017.07.01"]
[Round "1"]
[White "Kyrkjebø, Hanna B"]
[Black "Ranaldi, Lucas"]
[Result "1/2-1/2"]
[WhiteElo "1923"]
[BlackElo "2269"]
[PlyCount "93"]

1. e4 {[%clk 1:30:57]} c5 {[%clk 1:30:54]} 2. Nf3 {[%clk 1:31:12]} d6
{[%clk 1:29:02]} 3. Bb5+ {[%clk 1:31:16]} Bd7 {[%clk 1:27:19]} 4. Bxd7+
{[%clk 1:31:17]} Qxd7 {[%clk 1:27:40]} 5. c4 {[%clk 1:31:01]} Nc6
{[%clk 1:27:09]} 6. Nc3 {[%clk 1:30:47]} g6 {[%clk 1:26:56]} 7. d4
{[%clk 1:30:06]} cxd4 {[%clk 1:20:23]} 8. Nxd4 {[%clk 1:30:13]} Bg7
{[%clk 1:20:44]} 9. Be3 {[%clk 1:29:23]} Nf6 {[%clk 1:20:32]} 10. f3
{[%clk 1:28:55]} O-O {[%clk 1:19:49]} 11. O-O {[%clk 1:28:33]} Rfc8
{[%clk 1:03:02]} 12. b3 {[%clk 1:22:55]} Ne8 {[%clk 0:55:50]} 13. Rc1
{[%clk 1:18:28]} Nc7 {[%clk 0:53:58]} 14. Re1 {[%clk 1:12:49]} Ne6
{[%clk 0:52:21]} 15. Nce2 {[%clk 1:09:20]} Ncxd4 {[%clk 0:47:53]} 16. Nxd4
{[%clk 1:07:57]} Nc5 {[%clk 0:39:08]} 17. Qd2 {[%clk 1:03:12]} a5
{[%clk 0:36:05]} 18. Nb5 {[%clk 0:57:27]} a4 {[%clk 0:32:11]} 19. b4
{[%clk 0:55:07]} Ne6 {[%clk 0:31:07]} 20. a3 {[%clk 0:54:03]} Rc6
{[%clk 0:23:27]} 21. Qe2 {[%clk 0:50:00]} b6 {[%clk 0:21:33]} 22. Rc2
{[%clk 0:41:13]} Rac8 {[%clk 0:18:38]} 23. Rec1 {[%clk 0:38:14]} Qb7
{[%clk 0:16:42]} 24. Qf2 {[%clk 0:33:21]} Nf8 {[%clk 0:05:05]} 25. Bd4
{[%clk 0:22:49]} Bh6 {[%clk 0:05:22]} 26. Be3 {[%clk 0:22:00]} Bg7
{[%clk 0:04:32]} 27. Bd4 {[%clk 0:20:51]} e5 {[%clk 0:04:25]} 28. Be3
{[%clk 0:20:26]} Ne6 {[%clk 0:04:40]} 29. Qd2 {[%clk 0:19:20]} Bf8
{[%clk 0:04:24]} 30. Qd1 {[%clk 0:16:56]} Qa6 {[%clk 0:01:40]} 31. Qf1
{[%clk 0:13:49]} Be7 {[%clk 0:01:32]} 32. g3 {[%clk 0:11:26]} Qa8
{[%clk 0:00:34]} 33. Qf2 {[%clk 0:10:46]} Qb7 {[%clk 0:00:51]} 34. Qg2
{[%clk 0:09:46]} Rf8 {[%clk 0:00:52]} 35. Bh6 {[%clk 0:06:36]} Rfc8
{[%clk 0:00:51]} 36. Be3 {[%clk 0:04:42]} Rf8 {[%clk 0:00:46]} 37. Bh6
{[%clk 0:02:34]} Rd8 {[%clk 0:00:48]} 38. Be3 {[%clk 0:02:04]} Bg5
{[%clk 0:00:33]} 39. Bxg5 {[%clk 0:01:46]} Nxg5 {[%clk 0:01:02]} 40. Rd1
{[%clk 0:01:09]} f6 {[%clk 0:00:47]} 41. h4 {[%clk 0:19:40]} Nf7 {[%clk 0:29:53]}
42. Qh3 {[%clk 0:19:03]} Kg7 {[%clk 0:20:53]} 43. Qf1 {[%clk 0:17:45]} Rdc8
{[%clk 0:19:46]} 44. Rdc1 {[%clk 0:14:01]} Qd7 {[%clk 0:19:03]} 45. Rc3
{[%clk 0:10:18]} h5 {[%clk 0:17:50]} 46. Kh2 {[%clk 0:10:07]} Qb7
{[%clk 0:11:25]} 47. Qd1 {[%clk 0:07:46]}
1/2-1/2

[Event "Landsturneringen 2017"]
[Site "Clarion Energy Hotel, Stavanger"]
[Date "2017.07.01"]
[Round "1"]
[White "Merkesvik, Sondre"]
[Black "Grønn, Eskil Ekeland"]
[Result "1-0"]
[WhiteElo "2211"]
[BlackElo "1914"]
[PlyCount "107"]

1. Nf3 {[%clk 1:30:43]} Nf6 {[%clk 1:30:29]} 2. g3 {[%clk 1:31:02]} g6
{[%clk 1:30:46]} 3. Bg2 {[%clk 1:31:30]} Bg7 {[%clk 1:31:07]} 4. d4
{[%clk 1:30:49]} O-O {[%clk 1:30:18]} 5. O-O {[%clk 1:29:55]} d5 {[%clk 1:28:29]}
6. c4 {[%clk 1:29:58]} c6 {[%clk 1:28:46]} 7. b3 {[%clk 1:29:26]} a5
{[%clk 1:22:02]} 8. Nc3 {[%clk 1:29:06]} Ne4 {[%clk 1:21:07]} 9. Bb2
{[%clk 1:29:12]} Nxc3 {[%clk 1:18:39]} 10. Bxc3 {[%clk 1:29:40]} b5
{[%clk 1:14:04]} 11. cxb5 {[%clk 1:12:41]} cxb5 {[%clk 1:14:27]} 12. b4
{[%clk 1:13:10]} Nc6 {[%clk 1:10:24]} 13. a3 {[%clk 1:09:22]} axb4
{[%clk 1:02:52]} 14. Bxb4 {[%clk 1:09:35]} Nxb4 {[%clk 1:03:14]} 15. axb4
{[%clk 1:10:04]} Bf5 {[%clk 0:56:23]} 16. Nh4 {[%clk 0:16:10]} Rxa1
{[%clk 0:36:50]} 17. Qxa1 {[%clk 0:16:39]} Be4 {[%clk 0:37:08]} 18. Rc1
{[%clk 0:17:01]} Bxg2 {[%clk 0:34:00]} 19. Nxg2 {[%clk 0:14:46]} Qa8
{[%clk 0:32:58]} 20. Qc3 {[%clk 0:10:57]} Qa2 {[%clk 0:31:20]} 21. e3
{[%clk 0:10:13]} e6 {[%clk 0:31:15]} 22. Nf4 {[%clk 0:07:48]} Ra8
{[%clk 0:30:46]} 23. Qc6 {[%clk 0:07:48]} Bf8 {[%clk 0:27:36]} 24. Nd3
{[%clk 0:02:08]} Ra7 {[%clk 0:10:58]} 25. Qxb5 {[%clk 0:00:47]} Qe2
{[%clk 0:10:20]} 26. Qb8 {[%clk 0:00:59]} Ra2 {[%clk 0:10:12]} 27. Rc8
{[%clk 0:01:17]} Ra1+ {[%clk 0:08:07]} 28. Nc1 {[%clk 0:00:50]} Qd1+
{[%clk 0:03:19]} 29. Kg2 {[%clk 0:01:17]} Rxc1 {[%clk 0:03:37]} 30. Rxf8+
{[%clk 0:01:44]} Kg7 {[%clk 0:03:59]} 31. Rg8+ {[%clk 0:02:12]} Kf6
{[%clk 0:04:07]} 32. Qf4+ {[%clk 0:02:02]} Ke7 {[%clk 0:04:31]} 33. Qh4+
{[%clk 0:02:31]} Kd7 {[%clk 0:03:42]} 34. Qd8+ {[%clk 0:00:39]} Kc6
{[%clk 0:04:07]} 35. Qe8+ {[%clk 0:00:57]} Kb6 {[%clk 0:03:18]} 36. Qb8+
{[%clk 0:01:05]} Ka6 {[%clk 0:03:32]} 37. Qa8+ {[%clk 0:00:59]} Kb5
{[%clk 0:03:55]} 38. Qa5+ {[%clk 0:00:34]} Kc4 {[%clk 0:04:22]} 39. Rc8+
{[%clk 0:00:46]} Kb3 {[%clk 0:04:23]} 40. Rxc1 {[%clk 0:01:05]} Qxc1
{[%clk 0:04:48]} 41. Qa7 {[%clk 0:25:18]} f6 {[%clk 0:32:46]} 42. Qd7
{[%clk 0:24:10]} Qc4 {[%clk 0:31:48]} 43. b5 {[%clk 0:19:23]} e5 {[%clk 0:29:00]}
44. b6 {[%clk 0:19:41]} exd4 {[%clk 0:28:07]} 45. b7 {[%clk 0:08:14]} d3
{[%clk 0:28:30]} 46. b8=Q+ {[%clk 0:08:13]} Kc2 {[%clk 0:28:47]} 47. Qbc7
{[%clk 0:06:47]} d2 {[%clk 0:28:40]} 48. Qa4+ {[%clk 0:05:31]} Kd3
{[%clk 0:28:47]} 49. Qcxc4+ {[%clk 0:05:22]} dxc4 {[%clk 0:28:27]} 50. Kf3
{[%clk 0:05:37]} f5 {[%clk 0:28:30]} 51. Qd7+ {[%clk 0:05:51]} Kc2
{[%clk 0:28:44]} 52. Ke2 {[%clk 0:06:16]} c3 {[%clk 0:29:07]} 53. Qd3+
{[%clk 0:06:24]} Kb2 {[%clk 0:29:26]} 54. Kd1 {[%clk 0:06:51]}
1-0

[Event "Landsturneringen 2017"]
[Site "Clarion Energy Hotel, Stavanger"]
[Date "2017.07.01"]
[Round "1"]
[White "Olsen, Ulrik"]
[Black "Vestby-Ellingsen, Mads"]
[Result "1/2-1/2"]
[WhiteElo "1913"]
[BlackElo "2175"]
[PlyCount "137"]

1. Nf3 {[%clk 1:30:57]} Nf6 {[%clk 1:30:45]} 2. d4 {[%clk 1:31:06]} e6
{[%clk 1:30:57]} 3. Bf4 {[%clk 1:31:01]} c5 {[%clk 1:31:04]} 4. e3
{[%clk 1:30:28]} Nc6 {[%clk 1:30:54]} 5. c3 {[%clk 1:29:24]} d5 {[%clk 1:30:31]}
6. Bd3 {[%clk 1:27:31]} Bd6 {[%clk 1:25:56]} 7. Bxd6 {[%clk 1:24:01]} Qxd6
{[%clk 1:26:16]} 8. Nbd2 {[%clk 1:21:32]} O-O {[%clk 1:24:21]} 9. O-O
{[%clk 1:17:59]} e5 {[%clk 1:22:51]} 10. dxc5 {[%clk 1:14:18]} Qxc5
{[%clk 1:23:06]} 11. e4 {[%clk 1:10:51]} Bg4 {[%clk 1:15:58]} 12. Nb3
{[%clk 1:05:22]} Qd6 {[%clk 1:11:47]} 13. exd5 {[%clk 1:02:30]} Qxd5
{[%clk 1:10:49]} 14. Be2 {[%clk 1:01:23]} Rad8 {[%clk 1:07:16]} 15. Qxd5
{[%clk 0:59:48]} Nxd5 {[%clk 1:04:40]} 16. Bd1 {[%clk 0:46:26]} Nf4
{[%clk 0:58:16]} 17. Nfd2 {[%clk 0:37:18]} Bxd1 {[%clk 0:54:07]} 18. Rfxd1
{[%clk 0:36:58]} Nd3 {[%clk 0:52:08]} 19. Rab1 {[%clk 0:32:56]} Rd7
{[%clk 0:51:07]} 20. Kf1 {[%clk 0:30:37]} Rfd8 {[%clk 0:48:35]} 21. g3
{[%clk 0:28:54]} b6 {[%clk 0:44:44]} 22. Ke2 {[%clk 0:27:21]} f5 {[%clk 0:37:39]}
23. f3 {[%clk 0:24:18]} Kf7 {[%clk 0:37:03]} 24. Nc1 {[%clk 0:12:44]} Nf2
{[%clk 0:31:54]} 25. Kxf2 {[%clk 0:12:14]} Rxd2+ {[%clk 0:32:13]} 26. Rxd2
{[%clk 0:12:42]} Rxd2+ {[%clk 0:32:30]} 27. Ne2 {[%clk 0:12:11]} Ke6
{[%clk 0:26:01]} 28. Ke1 {[%clk 0:11:46]} Rd3 {[%clk 0:21:39]} 29. Ng1
{[%clk 0:10:22]} g5 {[%clk 0:15:44]} 30. Rd1 {[%clk 0:09:01]} Rxd1+
{[%clk 0:15:48]} 31. Kxd1 {[%clk 0:09:30]} h5 {[%clk 0:14:56]} 32. Kd2
{[%clk 0:06:04]} f4 {[%clk 0:12:31]} 33. gxf4 {[%clk 0:04:45]} exf4
{[%clk 0:11:55]} 34. Ne2 {[%clk 0:03:01]} Kf6 {[%clk 0:05:49]} 35. b3
{[%clk 0:01:51]} Ne5 {[%clk 0:05:54]} 36. Nd4 {[%clk 0:01:36]} g4
{[%clk 0:06:16]} 37. fxg4 {[%clk 0:01:03]} hxg4 {[%clk 0:06:04]} 38. Ke2
{[%clk 0:01:08]} Kg5 {[%clk 0:05:34]} 39. Kf1 {[%clk 0:00:47]} f3
{[%clk 0:04:09]} 40. Kf2 {[%clk 0:00:37]} Kf4 {[%clk 0:03:47]} 41. Ne6+
{[%clk 0:23:39]} Ke4 {[%clk 0:25:09]} 42. h4 {[%clk 0:20:50]} gxh3
{[%clk 0:23:23]} 43. Ng5+ {[%clk 0:21:15]} Kf5 {[%clk 0:22:43]} 44. Nxh3
{[%clk 0:08:41]} Ke4 {[%clk 0:16:35]} 45. Ng5+ {[%clk 0:06:57]} Kd3
{[%clk 0:16:57]} 46. c4 {[%clk 0:07:11]} Kc3 {[%clk 0:16:25]} 47. Nxf3
{[%clk 0:05:54]} Nd3+ {[%clk 0:15:55]} 48. Ke3 {[%clk 0:06:08]} Nb4
{[%clk 0:13:58]} 49. Nd4 {[%clk 0:05:35]} a5 {[%clk 0:08:33]} 50. Nb5+
{[%clk 0:02:08]} Kb2 {[%clk 0:09:02]} 51. Kd4 {[%clk 0:02:23]} Kxa2
{[%clk 0:03:52]} 52. Kc3 {[%clk 0:02:21]} Kb1 {[%clk 0:02:31]} 53. Nd4
{[%clk 0:00:36]} Na2+ {[%clk 0:02:34]} 54. Kd3 {[%clk 0:00:46]} Kb2
{[%clk 0:02:55]} 55. c5 {[%clk 0:00:35]} bxc5 {[%clk 0:02:28]} 56. Ne6
{[%clk 0:00:58]} Nc1+ {[%clk 0:02:39]} 57. Kc4 {[%clk 0:01:03]} Nxb3
{[%clk 0:03:03]} 58. Kb5 {[%clk 0:01:25]} c4 {[%clk 0:01:12]} 59. Kxc4
{[%clk 0:01:52]} a4 {[%clk 0:01:37]} 60. Nf4 {[%clk 0:02:09]} Nc1
{[%clk 0:01:22]} 61. Nd5 {[%clk 0:01:48]} a3 {[%clk 0:01:41]} 62. Nb4
{[%clk 0:01:25]} Na2 {[%clk 0:01:26]} 63. Nd3+ {[%clk 0:01:13]} Kc2
{[%clk 0:01:46]} 64. Ne1+ {[%clk 0:01:30]} Kb2 {[%clk 0:00:55]} 65. Nd3+
{[%clk 0:01:55]} Kc2 {[%clk 0:00:59]} 66. Ne1+ {[%clk 0:02:19]} Kb2
{[%clk 0:00:58]} 67. Nd3+ {[%clk 0:02:41]} Kb1 {[%clk 0:01:22]} 68. Kb3
{[%clk 0:03:01]} Nc3 {[%clk 0:01:04]} 69. Kxa3 {[%clk 0:03:26]}
1/2-1/2

[Event "Landsturneringen 2017"]
[Site "Clarion Energy Hotel, Stavanger"]
[Date "2017.07.01"]
[Round "1"]
[White "Kizatbay, Abyl"]
[Black "Pettersen, Johan"]
[Result "1/2-1/2"]
[WhiteElo "2127"]
[BlackElo "1896"]
[PlyCount "58"]

1. e4 {[%clk 1:30:46]} e6 {[%clk 1:30:33]} 2. d4 {[%clk 1:30:02]} d5
{[%clk 1:30:55]} 3. Nd2 {[%clk 1:30:04]} Nf6 {[%clk 1:31:17]} 4. e5
{[%clk 1:30:15]} Nfd7 {[%clk 1:31:40]} 5. Bd3 {[%clk 1:30:32]} c5
{[%clk 1:32:04]} 6. c3 {[%clk 1:30:55]} Nc6 {[%clk 1:32:23]} 7. Ne2
{[%clk 1:30:57]} cxd4 {[%clk 1:32:40]} 8. cxd4 {[%clk 1:31:20]} f6
{[%clk 1:32:55]} 9. exf6 {[%clk 1:30:06]} Nxf6 {[%clk 1:33:03]} 10. O-O
{[%clk 1:30:23]} Bd6 {[%clk 1:33:30]} 11. Nf3 {[%clk 1:30:42]} Qc7
{[%clk 1:32:04]} 12. Bd2 {[%clk 1:30:13]} O-O {[%clk 1:31:57]} 13. Rc1
{[%clk 1:29:39]} Ne4 {[%clk 1:30:26]} 14. Qc2 {[%clk 1:01:27]} Nxd2
{[%clk 1:25:40]} 15. Qxd2 {[%clk 1:01:10]} Bd7 {[%clk 1:21:50]} 16. Qg5
{[%clk 0:46:24]} Rf6 {[%clk 1:21:18]} 17. b4 {[%clk 0:34:53]} Bxb4
{[%clk 1:13:09]} 18. Ne5 {[%clk 0:34:36]} Be8 {[%clk 1:03:16]} 19. Qh4
{[%clk 0:25:19]} Rh6 {[%clk 0:58:18]} 20. Qg3 {[%clk 0:25:06]} Bd6
{[%clk 0:57:27]} 21. f4 {[%clk 0:25:03]} Bxe5 {[%clk 0:57:18]} 22. fxe5
{[%clk 0:24:26]} Bg6 {[%clk 0:57:25]} 23. Bxg6 {[%clk 0:22:00]} Rxg6
{[%clk 0:57:49]} 24. Qf2 {[%clk 0:22:04]} Qe7 {[%clk 0:52:49]} 25. Nf4
{[%clk 0:16:39]} Rg5 {[%clk 0:47:47]} 26. Qe3 {[%clk 0:12:36]} Rf5
{[%clk 0:45:00]} 27. Rf2 {[%clk 0:11:26]} Raf8 {[%clk 0:45:16]} 28. Rcf1
{[%clk 0:11:33]} Qg5 {[%clk 0:42:26]} 29. g3 {[%clk 0:08:36]} h6 {[%clk 0:35:02]}
1/2-1/2

[Event "Landsturneringen 2017"]
[Site "Clarion Energy Hotel, Stavanger"]
[Date "2017.07.01"]
[Round "1"]
[White "Greibrokk, Ingrid"]
[Black "Løbersli, Henrik Øie"]
[Result "0-1"]
[WhiteElo "1868"]
[BlackElo "2084"]
[PlyCount "40"]

1. e4 {[%clk 1:30:58]} e5 {[%clk 1:30:45]} 2. Nf3 {[%clk 1:31:23]} Nc6
{[%clk 1:30:59]} 3. Bb5 {[%clk 1:31:49]} a6 {[%clk 1:30:53]} 4. Ba4
{[%clk 1:32:14]} Nf6 {[%clk 1:30:57]} 5. O-O {[%clk 1:32:34]} Be7
{[%clk 1:30:46]} 6. Re1 {[%clk 1:32:22]} b5 {[%clk 1:30:33]} 7. Bb3
{[%clk 1:32:44]} O-O {[%clk 1:30:13]} 8. c3 {[%clk 1:29:07]} d5 {[%clk 1:25:22]}
9. exd5 {[%clk 1:24:56]} Nxd5 {[%clk 1:25:34]} 10. Nxe5 {[%clk 1:24:05]} Nxe5
{[%clk 1:25:29]} 11. Rxe5 {[%clk 1:24:30]} c6 {[%clk 1:25:27]} 12. Bxd5
{[%clk 1:18:25]} cxd5 {[%clk 1:25:15]} 13. Qf3 {[%clk 1:18:43]} Bd6
{[%clk 1:14:45]} 14. Re1 {[%clk 1:01:30]} Qc7 {[%clk 0:48:45]} 15. h3
{[%clk 0:59:10]} d4 {[%clk 0:47:06]} 16. cxd4 {[%clk 0:55:30]} Bb7
{[%clk 0:46:58]} 17. Qc3 {[%clk 0:55:52]} Rae8 {[%clk 0:37:28]} 18. Re3
{[%clk 0:55:44]} Qd7 {[%clk 0:36:01]} 19. b4 {[%clk 0:48:49]} Bf4
{[%clk 0:32:09]} 20. Qb3 {[%clk 0:46:35]} Qc6 {[%clk 0:29:27]}
0-1

[Event "Landsturneringen 2017"]
[Site "Clarion Energy Hotel, Stavanger"]
[Date "2017.07.01"]
[Round "1"]
[White "Machlik, Edit"]
[Black "Fossan, Benjamin"]
[Result "1/2-1/2"]
[WhiteElo "2084"]
[BlackElo "1855"]
[PlyCount "47"]

1. d4 {[%clk 1:30:59]} Nf6 {[%clk 1:30:53]} 2. c4 {[%clk 1:31:25]} g6
{[%clk 1:31:16]} 3. Nc3 {[%clk 1:31:52]} d5 {[%clk 1:31:38]} 4. cxd5
{[%clk 1:32:15]} Nxd5 {[%clk 1:32:06]} 5. Na4 {[%clk 1:32:36]} Bg7
{[%clk 1:24:33]} 6. e4 {[%clk 1:32:30]} Nf6 {[%clk 1:22:13]} 7. f3
{[%clk 1:27:12]} O-O {[%clk 1:19:55]} 8. Be3 {[%clk 1:25:07]} Nbd7
{[%clk 1:15:44]} 9. Ne2 {[%clk 1:18:30]} e5 {[%clk 1:00:44]} 10. d5
{[%clk 1:13:06]} b6 {[%clk 0:56:33]} 11. Nec3 {[%clk 0:59:36]} Bb7
{[%clk 0:52:17]} 12. Bb5 {[%clk 0:59:09]} Rc8 {[%clk 0:45:46]} 13. O-O
{[%clk 0:56:30]} Nb8 {[%clk 0:37:21]} 14. Qb3 {[%clk 0:46:14]} c6
{[%clk 0:34:39]} 15. dxc6 {[%clk 0:45:58]} Nxc6 {[%clk 0:33:21]} 16. Ne2
{[%clk 0:43:10]} Qe7 {[%clk 0:28:04]} 17. Nac3 {[%clk 0:40:25]} Rfd8
{[%clk 0:24:57]} 18. Rfd1 {[%clk 0:36:47]} h6 {[%clk 0:20:25]} 19. Qa4
{[%clk 0:34:11]} Rxd1+ {[%clk 0:16:22]} 20. Rxd1 {[%clk 0:33:34]} a6
{[%clk 0:16:11]} 21. Bxc6 {[%clk 0:30:15]} Rxc6 {[%clk 0:16:31]} 22. Qb3
{[%clk 0:27:09]} b5 {[%clk 0:15:09]} 23. Nd5 {[%clk 0:21:57]} Nxd5
{[%clk 0:14:43]} 24. Rxd5 {[%clk 0:11:30]}
1/2-1/2

[Event "Landsturneringen 2017"]
[Site "Clarion Energy Hotel, Stavanger"]
[Date "2017.07.01"]
[Round "1"]
[White "Jarve, Edvin"]
[Black "Nilsen, Martin"]
[Result "0-1"]
[WhiteElo "1843"]
[BlackElo "2080"]
[PlyCount "112"]

1. d4 Nf6 2. Bf4 b6 3. e3 Bb7 4. Nf3 e6 5. Bd3 Ne4 6. Nbd2 Nxd2 7. Qxd2 d5
8. O-O Bd6 9. Bg3 Bxg3 10. hxg3 Ba6 11. Rfe1 Bxd3 12. Qxd3 O-O 13. e4 dxe4
14. Qxe4 Nd7 15. Qc6 Nf6 16. Rad1 Qd6 17. Ne5 Rfd8 18. Qf3 Qd5 19. Qxd5
Rxd5 20. c3 Kf8 21. Re3 Rad8 22. Nc6 R8d6 23. c4 Rh5 24. Ne5 c5 25. g4 Rg5
26. f4 Nxg4 27. Rg3 Nxe5 28. fxg5 Nxc4 29. b3 Ne5 30. Re1 Nd7 31. dxc5 Nxc5
32. Rge3 Ke7 33. Kf1 Rd4 34. R1e2 Rg4 35. Re5 Rf4+ 36. Kg1 Kd6 37. g3 Rg4
38. Kh2 Nd3 39. R5e3 Nc5 40. Re5 Nd7 41. R5e4 Rxg5 42. Ra4 a5 43. Rd2+ Ke7
44. Rad4 Ne5 45. Kh3 Rf5 46. Rd6 Nf3 47. Rd1 b5 48. Rd7+ Kf6 49. Rf1 Ke5
50. Kg2 Ke4 51. Ra7 b4 52. Rc7 Ke3 53. Rc2 g5 54. Rcf2 g4 55. Rc2 Rd5 56.
Rff2 Ne1+
0-1

[Event "Landsturneringen 2017"]
[Site "Clarion Energy Hotel, Stavanger"]
[Date "2017.07.01"]
[Round "1"]
[White "Sjøberg, Isak"]
[Black "Kyrkjebø, Marte B"]
[Result "1-0"]
[WhiteElo "2076"]
[BlackElo "1833"]
[PlyCount "101"]

1. e4 e5 2. Nf3 Nc6 3. Bb5 a6 4. Ba4 Nf6 5. Qe2 b5 6. Bb3 Be7 7. c3 d6 8.
O-O O-O 9. d3 Na5 10. Bc2 c5 11. Rd1 Qc7 12. Nbd2 Re8 13. Nf1 Bf8 14. Bg5
Nd7 15. Ne3 Nb6 16. h3 Be6 17. Nh2 Nc6 18. Qf3 Ne7 19. Nhg4 Ng6 20. Nf5 Nd7
21. g3 f6 22. Bc1 Ne7 23. Nfe3 Nb6 24. d4 cxd4 25. cxd4 exd4 26. Rxd4 Nc6
27. Rd1 Ne5 28. Qe2 Nxg4 29. hxg4 Rac8 30. b3 Qc6 31. Bb2 d5 32. e5 Be7 33.
Qd3 g6 34. exf6 Bf8 35. f7+ Kxf7 36. Qd4 Nd7 37. Qh8 Ke7 38. Qxh7+ Kd8 39.
Rac1 Qd6 40. Bxg6 Re7 41. Qh4 Ne5 42. Qf6 Nd7 43. Qh8 Rxc1 44. Rxc1 Bf7 45.
Nf5 Qe6 46. Ba3 Re8 47. Qh4+ Nf6 48. Bxf7 Qxf7 49. Bb2 Re6 50. g5 Nd7 51.
g6+
1-0

[Event "Landsturneringen 2017"]
[Site "Clarion Energy Hotel, Stavanger"]
[Date "2017.07.01"]
[Round "1"]
[White "Keadana, Amir"]
[Black "Lund, Gunnar"]
[Result "0-1"]
[WhiteElo "1829"]
[BlackElo "2051"]
[PlyCount "82"]

1. e4 e5 2. Nf3 Nc6 3. Bb5 a6 4. Ba4 Nf6 5. O-O Be7 6. Re1 b5 7. Bb3 O-O 8.
c3 d6 9. h3 Nb8 10. d4 Nbd7 11. Nbd2 Bb7 12. Bc2 Re8 13. Nf1 Bf8 14. Ng3 g6
15. Bg5 h6 16. Bd2 Bg7 17. a4 Nb6 18. Qc1 Kh7 19. axb5 axb5 20. Rxa8 Qxa8
21. b3 Nfd7 22. Nh4 b4 23. d5 bxc3 24. Bxc3 c6 25. Nhf5 cxd5 26. Nxd6 Re6
27. Nxb7 Qxb7 28. exd5 Nxd5 29. Bd2 Nc5 30. Qa3 Qb5 31. Rc1 e4 32. Qa7 Re7
33. Qa8 Nd3 34. Rd1 Nxf2 35. Bxh6 Nxd1 36. Bxg7 Kxg7 37. Bxd1 Qd3 38. Qa1+
f6 39. Ne2 Ne3 40. Nc3 Rc7 41. Kf2 Qxc3
0-1

[Event "Landsturneringen 2017"]
[Site "Clarion Energy Hotel, Stavanger"]
[Date "2017.07.01"]
[Round "1"]
[White "Machlik, Monika"]
[Black "Wadstensvik, Petter Andreas"]
[Result "1-0"]
[WhiteElo "2049"]
[BlackElo "1809"]
[PlyCount "135"]

1. d4 d5 2. c4 e6 3. Nc3 Nf6 4. Nf3 Be7 5. Bg5 Nbd7 6. e3 h6 7. Bh4 O-O 8.
Be2 c5 9. O-O cxd4 10. Nxd4 Ne5 11. Bxf6 Bxf6 12. cxd5 exd5 13. Qb3 Nc6 14.
Rfd1 Bxd4 15. exd4 Qh4 16. g3 Qg5 17. Qxd5 Qxd5 18. Nxd5 Be6 19. Ne3 Ne7
20. Bf3 Rfd8 21. d5 Bd7 22. Rac1 Nf5 23. Nxf5 Bxf5 24. Rc7 Rd7 25. Rdc1
Rad8 26. h4 Kf8 27. R7c3 Rd6 28. Rb3 Rb6 29. Rxb6 axb6 30. g4 Bd3 31. Rc7
Ba6 32. b4 Rd6 33. a4 b5 34. a5 b6 35. axb6 Rxb6 36. Kf1 Ke8 37. Ke2 Rf6
38. Ke3 Kd8 39. Ra7 Bc8 40. Ra5 Bd7 41. Be2 g5 42. hxg5 hxg5 43. Bxb5 Bxb5
44. Rxb5 Rf4 45. f3 Kd7 46. Rb6 Ke7 47. b5 f5 48. Re6+ Kf7 49. gxf5 Rxf5
50. Kd4 Rxf3 51. Re4 Rb3 52. Kc4 Rb1 53. d6 g4 54. Rxg4 Ke6 55. Kc5 Rc1+
56. Kb6 Rb1 57. Rd4 Kd7 58. Ka6 Ra1+ 59. Kb7 Rb1 60. b6 Ra1 61. Kb8 Rb1 62.
b7 Ra1 63. Rh4 Kd8 64. d7 Rb1 65. Ka7 Ra1+ 66. Kb6 Rb1+ 67. Kc6 Rc1+ 68.
Kb5
1-0

[Event "Landsturneringen 2017"]
[Site "Clarion Energy Hotel, Stavanger"]
[Date "2017.07.01"]
[Round "1"]
[White "Næss, Sara"]
[Black "Nordquelle, Daniel"]
[Result "0-1"]
[WhiteElo "1786"]
[BlackElo "2047"]
[PlyCount "48"]

1. e4 c5 2. Nf3 d6 3. d4 cxd4 4. Nxd4 Nf6 5. Nc3 a6 6. Be2 e5 7. Nb3 Be7 8.
O-O O-O 9. f4 b5 10. Be3 Be6 11. Bf3 Nbd7 12. a4 bxa4 13. Nxa4 Qc7 14. f5
Bc4 15. Rf2 Rfb8 16. g4 Bxb3 17. cxb3 Qb7 18. Nc3 Qxb3 19. Qf1 Bd8 20. Rxa6
Rxa6 21. Qxa6 Nb6 22. Qa3 Nc4 23. Qxb3 Rxb3 24. Bc1 Bb6
0-1

[Event "Landsturneringen 2017"]
[Site "Clarion Energy Hotel, Stavanger"]
[Date "2017.07.01"]
[Round "1"]
[White "Saltvedt, Martin"]
[Black "Mikelsen, Mattis"]
[Result "1-0"]
[WhiteElo "2046"]
[BlackElo "1764"]
[PlyCount "73"]

1. d4 Nf6 2. Nf3 e6 3. Bf4 d5 4. e3 Bd6 5. Bg3 O-O 6. Bd3 b6 7. Nbd2 Bb7 8.
Qe2 Nc6 9. a3 Re8 10. Rd1 e5 11. dxe5 Nxe5 12. Bb5 c6 13. Ba4 Qc7 14. Nxe5
Bxe5 15. Nf3 Bxg3 16. hxg3 Re4 17. Rd4 b5 18. Bb3 Rae8 19. c3 a6 20. Rxe4
Nxe4 21. Bc2 Bc8 22. Nd2 Bf5 23. Nxe4 dxe4 24. a4 h6 25. Bb3 Qd6 26. O-O
Be6 27. Rd1 Qc5 28. Bc2 f5 29. Qh5 Qe7 30. Rd2 Rd8 31. Rxd8+ Qxd8 32. Qg6
Qe7 33. g4 Qf7 34. gxf5 Bxf5 35. Qxc6 Qa2 36. axb5 axb5 37. Qxb5
1-0

[Event "Landsturneringen 2017"]
[Site "Clarion Energy Hotel, Stavanger"]
[Date "2017.07.01"]
[Round "1"]
[White "Kjærås, Alf Marius"]
[Black "Fossan, Andreas"]
[Result "0-1"]
[WhiteElo "1713"]
[BlackElo "1998"]
[PlyCount "88"]

1. d4 Nf6 2. Bf4 e6 3. e3 c5 4. c3 b6 5. Nf3 Bb7 6. Nbd2 Be7 7. Bd3 cxd4 8.
exd4 d6 9. O-O O-O 10. h3 Nbd7 11. Qe2 Re8 12. Bh2 Bf8 13. Ne4 Nxe4 14.
Bxe4 Bxe4 15. Qxe4 Nf6 16. Qd3 Qd7 17. a4 a6 18. Rfe1 Qb7 19. Nd2 b5 20.
axb5 axb5 21. Nb3 Qb6 22. Nd2 Rec8 23. Kf1 Ra4 24. b3 Ra7 25. Rxa7 Qxa7 26.
c4 bxc4 27. bxc4 Qa6 28. Ke2 Qa8 29. f3 Qa5 30. Rc1 Qg5 31. Kf2 Ra8 32. Qc3
Ra2 33. Rc2 Qh4+ 34. Ke3 Rxc2 35. Qxc2 Qg5+ 36. Kf2 Qh4+ 37. Ke3 Qe1+ 38.
Kd3 Qh1 39. Bf4 Qxg2 40. c5 dxc5 41. dxc5 Nd5 42. c6 Nxf4+ 43. Kd4 Nd5 44.
Kd3 Qxh3
0-1

[Event "Landsturneringen 2017"]
[Site "Clarion Energy Hotel, Stavanger"]
[Date "2017.07.01"]
[Round "1"]
[White "Rødsmoen, Maud"]
[Black "Reigstad, Erlend"]
[Result "1-0"]
[WhiteElo "1968"]
[BlackElo "1660"]
[PlyCount "95"]

1. e4 c6 2. d4 d5 3. e5 c5 4. dxc5 e6 5. Be3 Nd7 6. Bb5 Ne7 7. c3 Nf5 8.
Bd4 Be7 9. Nf3 O-O 10. b4 Qc7 11. O-O a5 12. a3 axb4 13. cxb4 Nxd4 14. Qxd4
f6 15. Bxd7 Bxd7 16. Nbd2 Ra4 17. Qe3 Rfa8 18. Rfb1 fxe5 19. Nxe5 Bf6 20.
Nxd7 Qxd7 21. Ra2 d4 22. Qd3 Qd5 23. Nc4 Qf5 24. Qxf5 exf5 25. Re2 R4a7 26.
Rd1 Rd8 27. Rd3 g6 28. Kf1 Raa8 29. Re6 Kf7 30. Rb6 Rd7 31. Nd6+ Ke7 32.
Rxb7 Rxb7 33. Nxb7 Ke6 34. Ke2 Kd5 35. f4 Re8+ 36. Kd2 g5 37. Nd6 Rg8 38.
Rg3 g4 39. Nxf5 h5 40. h3 Ke4 41. hxg4 Rxg4 42. Rxg4 hxg4 43. c6 Bd8 44.
Ng7 d3 45. Ne6 Bb6 46. c7 Bxc7 47. Nxc7 Kxf4 48. Nd5+
1-0